Der Kampf um die neue Rheinschiffahrtsakte

Elmentve itt :
Bibliográfiai részletek
Szerző: Telders Benjamin Marius
Dokumentumtípus: Cikk
Megjelent: 1934
Sorozat:Kolligátum
Kulcsszavak:Folyami hajózás - Rajna
Online Access:http://misc.bibl.u-szeged.hu/23072
LEADER 00561nab a2200169 i 4500
001 misc23072
005 20191111110457.0
008 170727s1934 hu o 0|| zxx d
040 |a SZTE Miscellanea Repozitórium  |b hun 
041 |a zxx 
100 1 |a Telders Benjamin Marius 
245 1 4 |a Der Kampf um die neue Rheinschiffahrtsakte  |h [elektronikus dokumentum] /  |c  Telders Benjamin Marius 
260 |c 1934 
300 |a 1-55 
490 0 |a Kolligátum 
695 |a Folyami hajózás - Rajna 
856 4 0 |u http://misc.bibl.u-szeged.hu/23072/1/70418_001-055.pdf  |z Dokumentum-elérés